| 000 | 004340000a22001690004500 | ||
|---|---|---|---|
| 003 | MACL | ||
| 005 | 20160105165228.0 | ||
| 008 | 160105b xxu||||| |||| 00| 0 eng d | ||
| 040 |
_aMACL _cMACL |
||
| 041 | _aEnglish | ||
| 082 | _a823/EBE | ||
| 100 |
_aEbers, Georg _928287 |
||
| 245 |
_aAn Egyptian Princess _ban historical novel |
||
| 260 |
_bGeorge Bell and Sons _c1895 _aLondon |
||
| 650 |
_aNovel _9153 |
||
| 942 |
_cBK _k823/EBE _2ddc |
||
| 999 |
_c37202 _d37202 |
||